000 00929nam a22003017a 4500
001 BR9700189
003 BR-BrBNA
005 20230928095500.0
007 ta
008 230509b bl.||||| |||| 00| 0 por d
040 _aBR-BrBNA
_bpor
_cBiblioteca Nacional de Agricultura
041 _a(Por)
072 _aC20
090 _ C20 BR9700189
110 1 _aAssociacao Brasileira de Credito e Assistencia Rural, Rio de Janeiro, RJ (Brasil)
_9230
111 1 _a2. Reuniao do Pessoal de Chefia Administrativa do Sistema ABCAR
_cRio de Janeiro, RJ (Brazil)
_d25-29 Sep 1962
245 1 _aPlano de contas
260 3 _aRio de Janeiro, RJ (Brasil):
_c1962.
300 _a55 p.
650 _aExtensao Rural
650 _aAssistencia Tecnica
650 _aPrestacao de Contas
650 _aAdministracao
650 _aContabilidade
650 _aInstituicao Agricola
909 _a202309
_bLucia
_c55
_dLucia Elande
942 _cBK
999 _c56824
_d56824